Statistics for Largest Cities by Latitude/Longitude on the World Map

Click here to take the quiz!

General Stats

  • This quiz has been taken 104 times
  • The average score is 70 of 88

Answers on the Map

Answers color-coded by a green-red scale on the quiz's map according to % correct below.
Loading ...
 

Answer Stats

CoordCountryCity% Correct
25º EGreeceAthens
100%
30º EEgyptCairo
100%
50º N - 0ºUnited KingdomLondon
100%
5º WSpainMadrid
100%
55º N - 40º ERussiaMoscow
100%
75º WUnited StatesNew York
100%
60º N RussiaSaint Petersburg
100%
30º N - 120º EChinaShanghai
100%
160º WUnited StatesHonolulu
99%
5º S - 105º EIndonesiaJakarta
99%
10º S PeruLima
99%
40º S - 145º EAustraliaMelbourne
99%
100º WMexicoMexico City
99%
25º S - 45º WBrazilSão Paulo
99%
40º N - 125º ESouth KoreaSeoul
99%
150º EAustraliaSydney
99%
35º N - 140º EJapanTokyo
99%
175º ENew ZealandAuckland
98%
100º EThailandBangkok
98%
70º WUnited StatesBoston
98%
20º ESouth AfricaCape Town
98%
75º EIndiaDelhi
98%
120º WUnited StatesLos Angeles
98%
15º N PhilippinesManila
98%
10º EItalyMilan
98%
20º N IndiaMumbai
98%
45º N - 80º WCanadaToronto
98%
35º S - 60º WArgentinaBuenos Aires
97%
5º N - 5º ENigeriaLagos
97%
50º EIranTehran
97%
125º WCanadaVancouver
97%
45º EIraqBaghdad
95%
90º WUnited StatesChicago
95%
95º WUnited StatesDallas
95%
55º EUnited Arab EmiratesDubai
95%
70º EAfghanistanKabul
95%
135º EJapanOsaka
95%
115º WUnited StatesSan Diego
95%
15º S BrazilBrasília
94%
155º EAustraliaBrisbane
94%
65º WVenezuelaCaracas
94%
10º WMoroccoCasablanca
94%
85º WUnited StatesDetroit
94%
10º N VietnamHo Chi Minh City
94%
65º EPakistanKarachi
94%
15º EDemocratic Republic of the CongoKinshasa
94%
55º WUruguayMontevideo
94%
110º WUnited StatesPhoenix
94%
15º WSenegalDakar
93%
90º EBangladeshDhaka
93%
25º N - 115º EChinaGuangzhou
93%
0º (eq)SingaporeSingapore
93%
150º WUnited StatesAnchorage
92%
45º S New ZealandChristchurch
92%
85º ENepalKathmandu
92%
20º S BrazilBelo Horizonte
91%
105º WMexicoGuadalajara
91%
35º ESudanKhartoum
91%
80º EIndiaBangalore
87%
35º WBrazilRecife
86%
130º ESouth KoreaBusan
84%
20º WIcelandReykjavik
83%
135º WUnited StatesJuneau
81%
95º EMyanmarYangon
80%
30º S - 50º WBrazilPorto Alegre
79%
180º EFijiSuva
73%
70º N RussiaMurmansk
72%
40º WBrazilSalvador
72%
110º EChinaXi'an
72%
170º WSamoaApia
70%
25º WCape VerdePraia
70%
175º WTongaNuku'alofa
52%
60º EIranMashhad
49%
65º N RussiaArkhangel'sk
47%
170º ENew ZealandDunedin
41%
155º WUnited StatesHilo
36%
165º EFranceNoumea
31%
160º ERussiaPetropavlovsk-Kamchatsky
30%
55º S ChilePunta Arenas
29%
80º N NorwayLongyearbyen
17%
145º WUnited StatesValdez
17%
80º S United StatesMcMurdo Station
15%
50º S ArgentinaRio Gallegos
12%
130º WCanadaTerrace
12%
165º WUnited StatesDutch Harbor
10%
75º N DenmarkUpernavik
10%
140º WFranceAtuona
7%
30º WBrazilFernando de Noronha
6%

Score Distribution

Percentile by Number Answered

Percent of People with Each Score

Your Score History

You have not taken this quiz